<?xml version="1.0" encoding="UTF-8"?>
<record
    xmlns:xsi="http://www.w3.org/2001/XMLSchema-instance"
    xsi:schemaLocation="http://www.loc.gov/MARC21/slim http://www.loc.gov/standards/marcxml/schema/MARC21slim.xsd"
    xmlns="http://www.loc.gov/MARC21/slim">

  <leader>01880nam a22002297a 4500</leader>
  <controlfield tag="003">St Aloysius Coll</controlfield>
  <controlfield tag="005">20250729112852.0</controlfield>
  <controlfield tag="008">250729b        |||||||| |||| 00| 0 eng d</controlfield>
  <datafield tag="020" ind1=" " ind2=" ">
    <subfield code="a">9789364371063</subfield>
  </datafield>
  <datafield tag="040" ind1=" " ind2=" ">
    <subfield code="c">AL</subfield>
  </datafield>
  <datafield tag="041" ind1=" " ind2=" ">
    <subfield code="a">English</subfield>
  </datafield>
  <datafield tag="082" ind1=" " ind2=" ">
    <subfield code="a">540.02</subfield>
    <subfield code="b">GUPN</subfield>
  </datafield>
  <datafield tag="100" ind1=" " ind2=" ">
    <subfield code="a">Preeti Gupta</subfield>
    <subfield code="9">220615</subfield>
  </datafield>
  <datafield tag="245" ind1=" " ind2=" ">
    <subfield code="a">NTA CSIR UGC NET Set Chemical Sciences</subfield>
    <subfield code="b">: JRF and Lecturership</subfield>
  </datafield>
  <datafield tag="260" ind1=" " ind2=" ">
    <subfield code="a">New Delhi</subfield>
    <subfield code="b">Arihant Publications</subfield>
    <subfield code="c">2025</subfield>
  </datafield>
  <datafield tag="300" ind1=" " ind2=" ">
    <subfield code="a">1364p</subfield>
    <subfield code="b">PB</subfield>
    <subfield code="c">27x21.5cm.</subfield>
  </datafield>
  <datafield tag="365" ind1=" " ind2=" ">
    <subfield code="2">General</subfield>
    <subfield code="a">1941</subfield>
    <subfield code="b">&#x20B9;796.00</subfield>
    <subfield code="c">&#x20B9;</subfield>
    <subfield code="d">&#x20B9;995.00</subfield>
    <subfield code="e">20%</subfield>
    <subfield code="f">14-07-2025</subfield>
  </datafield>
  <datafield tag="520" ind1=" " ind2=" ">
    <subfield code="a">Chemical Periodicity and Chemistry of Main Group Elements, Chemical Bonding and Structure of Molecules, Acid-Base Chemistry, s-Block Elements, p-Block Element, p-Block Elements-I (Group 13), The p-Block Element-II, Noble Gases, d-Block Elements or Transition Elements, Coordination Chemistry, Inner Transition Elements, Organometallic Compounds, Analytical Chemistry, Bioinorganic Chemistry, Coordination Compounds, Part-II, Nuclear Chemistry, Quantum Mechanics or Wave Mechanics, Atomic Structure and Quantum Theory, Chemical Bonding and Diatomics, Molecular Symmetry and Group Theory, Molecular Spectroscopy, Thermodynamics, Statistical Thermodynamics, Electrochemistry, Chemical Kinetics, Surface Chemistry, Solid State, Data Analysis, IUPAC Nomenclature of Organic Compounds, Stereochemistry, Aromaticity, Organic Reaction Mechanism and Reactive Intermediates, Common Named Reactions and Rearrangements, Organic Transformations and Reagents, Concept in Organic Synthesis and Asymmetric Synthesis, Pericyclic Reactions, Photochemistry, Heterocyclic Compounds, Chemistry of Natural Products, Interdisciplinary Topics, Sample Questions Provided on CSIR Website, Solved Paper 2024</subfield>
  </datafield>
  <datafield tag="650" ind1=" " ind2=" ">
    <subfield code="2">Chemistry</subfield>
    <subfield code="a">Chemical Sciences</subfield>
    <subfield code="9">220616</subfield>
  </datafield>
  <datafield tag="700" ind1=" " ind2=" ">
    <subfield code="a">Tomar, Aditya</subfield>
    <subfield code="d">Sharma, Naveen</subfield>
    <subfield code="9">220617</subfield>
  </datafield>
  <datafield tag="942" ind1=" " ind2=" ">
    <subfield code="2">ddc</subfield>
    <subfield code="c">BK</subfield>
  </datafield>
  <datafield tag="999" ind1=" " ind2=" ">
    <subfield code="c">234681</subfield>
    <subfield code="d">234681</subfield>
  </datafield>
  <datafield tag="952" ind1=" " ind2=" ">
    <subfield code="0">0</subfield>
    <subfield code="1">0</subfield>
    <subfield code="2">ddc</subfield>
    <subfield code="4">0</subfield>
    <subfield code="7">0</subfield>
    <subfield code="8">GEN</subfield>
    <subfield code="a">SACPG</subfield>
    <subfield code="b">SACPG</subfield>
    <subfield code="d">2025-07-28</subfield>
    <subfield code="e">Biblios Book Point</subfield>
    <subfield code="g">796.00</subfield>
    <subfield code="l">2</subfield>
    <subfield code="m">1</subfield>
    <subfield code="o">540.02 GUPN</subfield>
    <subfield code="p">PG025066</subfield>
    <subfield code="r">2026-02-06 16:31:06</subfield>
    <subfield code="s">2026-01-13</subfield>
    <subfield code="v">995.00</subfield>
    <subfield code="w">0000-00-00</subfield>
    <subfield code="y">BK</subfield>
  </datafield>
</record>
